|
|
|
|
| LEADER |
02166nam a2200457 i 4500 |
| 001 |
EBC4595498 |
| 003 |
MiAaPQ |
| 005 |
20201020202205.0 |
| 006 |
m o d | |
| 007 |
cr cnu|||||||| |
| 008 |
160808t20162016gw ob 001 0 ger d |
| 020 |
|
|
|z 9783110417937
|
| 020 |
|
|
|z 9783110417944 (PDF)
|
| 020 |
|
|
|z 9783110425321 (EPUB)
|
| 035 |
|
|
|a (MiAaPQ)EBC4595498
|
| 035 |
|
|
|a (Au-PeEL)EBL4595498
|
| 035 |
|
|
|a (CaPaEBR)ebr11236995
|
| 035 |
|
|
|a (OCoLC)957126609
|
| 040 |
|
|
|a MiAaPQ
|b eng
|e rda
|e pn
|c MiAaPQ
|d MiAaPQ
|
| 050 |
|
4 |
|a PR226
|b .M483 2016
|
| 082 |
0 |
|
|a 820.9382
|2 23
|
| 245 |
0 |
0 |
|a Metatexte :
|b Erzahlungen von schrifttragenden artefakten in der alttestamentlichen und mittelalterlichen literatur /
|c herausgegeben von Friedrich-Emanuel Focken und Michael R. Ott.
|
| 264 |
|
1 |
|a Berlin, [Germany] ;
|a Boston, [Massachusetts] :
|b De Gruyter,
|c 2016.
|
| 264 |
|
4 |
|c 2016
|
| 300 |
|
|
|a 1 online resource (386 pages).
|
| 336 |
|
|
|a text
|2 rdacontent
|
| 337 |
|
|
|a computer
|2 rdamedia
|
| 338 |
|
|
|a online resource
|2 rdacarrier
|
| 490 |
1 |
|
|a Materiale Textkulturen,
|x 2198-6932 ;
|v Band 15
|
| 504 |
|
|
|a Includes bibliographical references at the end of each chapters and index.
|
| 588 |
|
|
|a Description based on online resource; title from PDF title page (ebrary, viewed July 21, 2016).
|
| 590 |
|
|
|a Electronic reproduction. Ann Arbor, MI : ProQuest, 2016. Available via World Wide Web. Access may be limited to ProQuest affiliated libraries.
|
| 630 |
0 |
0 |
|a Bible
|x In literature.
|
| 650 |
|
0 |
|a Christian literature, English (Old)
|x History and criticism.
|
| 655 |
|
4 |
|a Electronic books.
|
| 700 |
1 |
|
|a Focken, Friedrich-Emanuel,
|e editor.
|
| 700 |
1 |
|
|a Ott, Michael R.,
|e editor.
|
| 776 |
0 |
8 |
|i Print version:
|t Metatexte : Erzahlungen von schrifttragenden artefakten in der alttestamentlichen und mittelalterlichen literatur.
|d Berlin, [Germany] ; Boston, [Massachusetts] : De Gruyter, c2016
|h viii, 378 pages
|k Materiale Textkulturen ; Band 15.
|z 9783110417937
|
| 797 |
2 |
|
|a ProQuest (Firm)
|
| 830 |
|
0 |
|a Materiale Textkulturen ;
|v Band 15.
|
| 856 |
4 |
0 |
|u https://ebookcentral.proquest.com/lib/matrademy/detail.action?docID=4595498
|z Click to View
|